000 00538nam a2200205Ia 4500
005 20250425162346.0
008 250425s9999 xx 000 0 und d
020 _a8477645612
041 _aspa
082 _a423.61
100 _aGRUPO EDITORIAL, OCEANO
245 0 _aSMART DICCIONARIO ESPAÑOL-INGLES, INGLES-ESPAÑOL
250 _aS.E.
260 _aBARCELONA
260 _aEspaña
_bGRUPO OCEANO
_c1950
650 _aDICCIONARIOS ESPAÑOL-INGLES
650 _aDICCIONARIOS INGLES-ESPAÑOL
942 _c01
010 _a65582
999 _c227626
_d227626